Statistics for Destiny 2 - All enemy castes by description

Click here to take the quiz!

General Stats

  • This quiz has been taken 61 times
    (59 since last reset)
  • The average score is 31 of 46

Answer Stats

HintAnswer% Correct
Big and bulky; carries a blaster or a sword and shield. Harbors multiple variants based on raids or strikes.Knight
91%
Giant, lumbering creatures that fire a continuous beam of lethal energy from their eye(s?)Ogre
91%
The most basic caste of Hive. Attacks with a flurry of dangerous melee.Thrall
91%
Most common caste of Vex. Named after small, malevolent, belowground creatures.Goblin
89%
Variant of the above, explodes on contactCursed Thrall/Exploder
86%
Large, flying Vex with a shield on some sides of it's body.Hydra
86%
Floating, horned creatures that are proficient in sorcery.Wizard
86%
Basic infantry. Shoots purple projectiles.Acolyte
84%
Small, flying Vex with tendrils. Named after the winged creatures of Greek mythology.Harpy
84%
Improved Goblins. Sport ornate horns on their heads.Hobgoblin
84%
Floating, armored orb. Named for it's eerie calls. Fires ballistic projectiles.Shrieker
84%
Most basic caste of Fallen.Dreg
80%
Medium-sized Vex with shields and the ability to teleport.Minotaur
80%
Medium-sized Fallen. Carry Scorch Cannons and can teleport.Captain
77%
Named after the one-eyed monster that had its eye stabbed out by Odysseus.Cyclops
77%
Small, lanky sniper units. Have decorative horns on their helmets.Psion
77%
Flying, drone-like enemies that shoot arc projectiles.Shank
75%
Broken, headless Goblins. When defeated, they will explode, leaving a deadly puddle of Vex Milk.Fanatic
73%
A slight step up. Carries a personal shield that can expand into a shape similar to that of a Sentinel Titan's arc super abilityPhalanx
73%
Slightly stronger than the above. Four-armed.Vandal
73%
FLoating, spherical machines.Servitor
70%
Small, vicious, doglike creatures.War Beast
70%
The most basic caste of Cabal.Legionary
68%
The seven individuals who assisted Prince Uldren Sov in the escape of the Prison of Elders.Baron
64%
Utilizes jump jets. Has an orange personal shield.Centurion
64%
Sword-wielding unitsGladiator
64%
A "Taken" hive variant. Basic infantry.Taken Acolyte
64%
Another "Taken" Hive creature. Similar to the Shadow Thrall in naming and action.Taken Thrall
64%
Heavy units. Carry heavy gatling gun-like weapons.Colossus
61%
Variant of the above. Loaded with explosives.Exploder Shank
61%
"Taken" basic caste of VexTaken Goblin
61%
"Taken" Hive caste. Heavy infantry, carries a projectile weapon or a sword/shield.Taken Knight
59%
"Taken" Cabal sniperTaken Psion
59%
Upgraded "Taken" caste of the above.Taken Hobgoblin
57%
Another "Taken" Vex. Big and heavy, can teleport.Taken Minotaur
57%
Giant, "Taken" Hive creature with a singular eye that fires a deadly projectile.Taken Ogre
57%
Another "Taken" Cabal. Carries a shield that can throw the targeted enemy back several yards.Taken Phalanx
57%
The most basic caste of Taken. Resembles the Hive Thrall.Shadow Thrall
55%
A "Taken" Fallen enemy. Can teleport, carries a Scorch Cannon.Taken Captain
55%
"Taken" Fallen. Can teleport.Taken Vandal
52%
Flamethrower-wielding unitsIncendior
50%
Hooded caste. Can teleport. Mainly uses melee weapons to attack. Utilizes cloaking technology to sneak around.Marauder
50%
Sometimes called "spearmen" or "pikemen". Carry long spears.Wretch
45%
A "Taken" Cabal heavy.Taken Colossus
39%
Called "High Priests"Archon
32%
Large creatures found most commonly on Mercury during the public event.Gate Lord
20%

Score Distribution

Percentile by Number Answered

Percent of People with Each Score

Your Score History

You have not taken this quiz since the last reset